000
00333nam a2200157Ia 4500
001
11158
003
GE_BSU
008
181216s||||||||xx |||||||||||||| ||und||
040
_c
GE_BSU
245
_a
Le Point №2183 17 juillet 2014.
260
_a
Paris
260
_c
2014.
300
_a
110p;27cm.
653
_a
Le Point
942
_c
CR
999
_c
44393
_d
44393